1705 1674 1396 1418 1022 1902 1924 1588 1295 1640 1377 1570 1879 1591 1551 1031 1648 1690 1838 1849 1703 1993 1844 1840 1382 1517 1620 1500 1143 1460 1868 1950 1197 1560 1746 1895 1159 1075 1468 1141 1395 1610 1746 1514 1200 1584 1466 1584 1171 1698 1553 1366 1480 1714 1357 1798 1515 1768 1517 1150 1256 1786 1266 1386 1513 1355 1677 1778 1163 1105 1347 1273 1311 1122 1323 1546 1006 1302 1701 1711 1772 1280 1788 1606 1549 1473 1615 1757 1788 1755 1151 1690 1632 1431 1679 1547 1208 1901 1885 BCNSPRNW ULIB Ver.6.0+V

เปลี่ยนเป็นภาษาไทย

Change to English
 แสดงรายละเอียดบรรณานุกรม
  กลับหน้าหลัก

Brief Record : Get Marc (ISO 2709) : E-mail record : QR code < ปิดหน้าต่าง
LEADER : 00000nam 2200000uu 4500
001    13399124701
003     ULIB
008    160115s2557||||th 000 0 tha d
020    ^a9786169200505
060 04 ^aWA590^bอ176ก
100 0  ^aสำนักงานกองทุนสนับสนุนการสร้างเสริมสุขภาพ (สสส.)
245 10 ^aการจัดการเพื่อลดปัจจัยเสี่ยงต่อสุขภาพในบริบทไทย : บทเรียนของเครือข่ายหมออนามัย /^cสำนักงานกองทุนสนับสนุนการสร้างเสริมสุขภาพ (สสส.)
250    ^aพิมพ์ครั้งที่ 1
260    ^aกรุงเทพฯ :^bสำนักงานกองทุนสนับสนุนการสร้างเสริมสุขภาพ (สสส.),^c2557
300    ^a186 หน้า :^bภาพประกอบ ;^c26 ซม.
650  7 ^aความเสี่ยงด้านสุขภาพ
650  7 ^aปัจจัยเสี่ยงต่อสุขภาพ^xการจัดการ
650  7 ^aอุบัติเหตุ
650  0 ^aยาเสพติด
650  0 ^aบุหรี่
650  0 ^aแอลกอฮอล์
710 1  ^aสำนักงานกองทุนสนับสนุนการสร้างเสริมสุขภาพ (สสส.)
945    ^p0^l0^i000251
999    ^aเกษร โพธิ์สุวรรณ
รายการนี้ยังไม่มีแท็ก
คุณยังไม่ได้ล็อกอิน คุณสามารถมีกิจกรรมร่วมกับเว็บไซต์ได้ แต่ต้องล็อกอินก่อน ::
  ล็อกอิน

รายการสื่อสารสนเทศ

ลำดับที่ ประเภท เลขเรียก/บาร์โค้ด สถานที่ สถานะ
1. วิทยาศาสตร์การแพทย์ และสุขภาพ
วิทยาศาสตร์การแพทย์ และสุขภาพ
สถานะ=หนังสือเก่า
WA590 อ176ก ฉ.1 
  Barcode: 000251
ห้องสมุดวิทยาเขตสวรรค์ประชารักษ์
►ส่วนจัดเก็บหนังสือเก่า สปร
บนชั้น
  ขอยืม

รายการใกล้เคียง
    ผู้แต่ง [สำนักงานกองทุนสนับสนุนการสร้างเสริมสุขภาพ (สสส.)]

    หัวเรื่อง [ความเสี่ยงด้านสุขภาพ]
    หัวเรื่อง [อุบัติเหตุ]
    หัวเรื่อง [ยาเสพติด]
    หัวเรื่อง [บุหรี่]
    หัวเรื่อง [แอลกอฮอล์]

BibComment


ยังไม่เคยถูกคอมเมนท์

คอมเมนท์ทรัพยากรรายการนี้
  คอมเมนท์: การจัดการเพื่อลด..


 Copyright 2026. Bcnsprnw @Library